| 000 | 01476nam a2200421 i 4500 | ||
|---|---|---|---|
| 001 | 29378 | ||
| 003 | KOSZ 005 | ||
| 005 | 20201013140929.0 | ||
| 008 | 961010s1991 pl a f f |000 0 pol d | ||
| 040 |
_cKOSZ 005 _aKOSZ 005 _dKOSZ 005/HR |
||
| 041 | _apol | ||
| 046 | _k1991 | ||
| 080 | _a621 | ||
| 080 | _a624.15 | ||
| 080 | _a534 | ||
| 100 | 1 |
_aFalkowski, Józef _eAutor |
|
| 245 | 1 | 0 |
_aDoświadczalna analiza drgań własnych konstrukcji wsporczych pod maszyny / _cJ. Falkowski. |
| 260 |
_aKoszalin : _bWSI, _c1991. |
||
| 300 |
_a121 stron : _brysnki, wykresy ; _c24 cm |
||
| 336 |
_2rdacontent _aTekst _btxt |
||
| 337 |
_2rdamedia _aBez urządzenia pośredniczącego _bn |
||
| 338 |
_2rdacarrier _aWolumin _bnc |
||
| 380 | _aKsiążki | ||
| 380 | _aPublikacje naukowe | ||
| 380 | _aPublikacje dydaktyczne | ||
| 385 |
_mPoziom nauczania _aSzkoły wyższe |
||
| 388 | _a1901-2000 | ||
| 388 | _a199-2000 | ||
| 490 | 1 |
_aMonografie ; _v36 |
|
| 650 | 4 | _aDrgania | |
| 650 | 4 | _aFundamenty pod maszyny | |
| 658 | _aInżynieria i technika | ||
| 710 | 2 |
_aWydawnictwo Uczelniane (Wyższa Szkoła Inżynierska ; Koszalin) _4pbl. |
|
| 830 | 0 |
_aMonografie - Wyższa Szkoła Inżynierska, Koszalin _v36 |
|
| 856 |
_uhttp://dlibra.tu.koszalin.pl/dlibra/docmetadata?id=447 _yBiblioteka Cyfrowa |
||
| 856 |
_uhttp://koha.tu.koszalin.pl/cgi-bin/koha/opac-detail.pl?biblionumber=29378 _yKatalog online BPK |
||
| 942 |
_cKS _2UKD |
||
| 999 |
_c29378 _d29378 |
||